[Event "Bad Woerishofen"]
[Site "?"]
[Date "2002.??.??"]
[Round "7"]
[White "Bjarnason, Oskar"]
[Black "Hermann, Manfred"]
[Result "0-1"]
[WhiteElo "2198"]
[BlackElo "2340"]
[Annotator "ChessOrg"]
[PlyCount "50"]
[EventDate "2002.??.??"]

1. e4 e5 2. f4 exf4 3. Nf3 Be7 4. Bc4 Nf6 5. e5 Ng4 6. d4 d6 7. Bxf4 dxe5 8.
Nxe5 Nxe5 9. Bxe5 O-O 10. c3 Bh4+ 11. g3 Nc6 12. Bf4 Re8+ 13. Kf2 Bf6 14. Nd2
Be6 15. Qf3 Nxd4 16. cxd4 Bxc4 17. Nxc4 Qxd4+ 18. Ne3 Qxb2+ 19. Qe2 Qxe2+ 20.
Kxe2 g5 21. Raf1 gxf4 22. Rxf4 Bg5 23. Rg4 Rxe3+ 24. Kf2 Re5 25. h4 Rae8 0-1

[Event "Bad Woerishofen"]
[Site "?"]
[Date "2002.??.??"]
[Round "7"]
[White "Ballon, Guenther Jan"]
[Black "Rahls, Peter"]
[Result "0-1"]
[WhiteElo "2207"]
[BlackElo "2254"]
[Annotator "ChessOrg"]
[PlyCount "64"]
[EventDate "2002.??.??"]

1. d4 c5 2. d5 e5 3. e4 d6 4. Nc3 a6 5. a4 Be7 6. Be2 Bg5 7. Nf3 Bxc1 8. Qxc1
Ne7 9. Qg5 O-O 10. Nd2 f6 11. Qe3 Nd7 12. Bg4 f5 13. exf5 Nf6 14. f3 Bxf5 15.
Bxf5 Nxf5 16. Qd3 Nh5 17. g3 b5 18. O-O c4 19. Qe2 Nd4 20. Qd1 Qg5 21. Nce4
Qe3+ 22. Kg2 Qh6 23. axb5 axb5 24. Rxa8 Rxa8 25. Re1 Rf8 26. c3 Nf5 27. Nf1 Qg6
28. Kh1 Nf6 29. Nxf6+ Rxf6 30. Ne3 Nxg3+ 31. hxg3 Qxg3 32. Ng2 Qf2 0-1

[Event "Bad Woerishofen"]
[Site "?"]
[Date "2002.??.??"]
[Round "7"]
[White "Pirrot, Dieter"]
[Black "Pitl, Gregory"]
[Result "1/2-1/2"]
[WhiteElo "2435"]
[BlackElo "2238"]
[Annotator "ChessOrg"]
[PlyCount "61"]
[EventDate "2002.??.??"]

1. e4 c5 2. c3 g6 3. d4 cxd4 4. cxd4 Bg7 5. Nc3 a6 6. Nf3 d6 7. h3 Nf6 8. Bd3
O-O 9. O-O Nc6 10. Be3 b5 11. d5 Ne5 12. Nxe5 dxe5 13. b4 e6 14. dxe6 Bxe6 15.
a4 Rc8 16. Bc5 Rxc5 17. bxc5 b4 18. Ne2 Qa5 19. Qd2 Nd7 20. Rfb1 Nxc5 21. Bc2
Rb8 22. Nc1 Qb6 23. a5 Qb5 24. Nb3 Bxb3 25. Bxb3 Nxe4 26. Qe3 Nc3 27. Re1 e4
28. Qa7 Rb7 29. Qa8+ Rb8 30. Qa7 Rb7 31. Qa8+ 1/2-1/2

[Event "Bad Woerishofen"]
[Site "?"]
[Date "2002.??.??"]
[Round "7"]
[White "Pavlovic, Milos"]
[Black "Jenni, Florian"]
[Result "1/2-1/2"]
[WhiteElo "2497"]
[BlackElo "2525"]
[Annotator "ChessOrg"]
[PlyCount "81"]
[EventDate "2002.??.??"]

1. e4 e5 2. Nf3 Nc6 3. Bb5 a6 4. Ba4 Nf6 5. O-O Be7 6. Re1 b5 7. Bb3 O-O 8. c3
d6 9. h3 Bb7 10. d4 Re8 11. a4 h6 12. Nbd2 Bf8 13. Bc2 exd4 14. cxd4 Nb4 15.
Bb1 c5 16. d5 Nd7 17. Ra3 c4 18. axb5 axb5 19. Nd4 Ne5 20. Rxa8 Qxa8 21. Nxb5
Rc8 22. Re3 Ba6 23. Nd4 Nbd3 24. N2f3 Qb7 25. Bxd3 Nxd3 26. Qc2 Rb8 27. Nc6 Qb3
28. Qd2 Re8 29. Kh2 Qa4 30. Ne1 Nc5 31. Ra3 Qb5 32. f3 Nb3 33. Qe3 Bb7 34. Nd4
Nxd4 35. Qxd4 Bxd5 36. Qxd5 Qxd5 37. exd5 Rxe1 38. Rc3 Rd1 39. Rxc4 Rxd5 40.
Rc8 g5 41. Be3 1/2-1/2

[Event "Bad Woerishofen"]
[Site "?"]
[Date "2002.??.??"]
[Round "7"]
[White "Grimm, Sven"]
[Black "Werner, Clemens"]
[Result "0-1"]
[WhiteElo "2174"]
[BlackElo "2393"]
[Annotator "ChessOrg"]
[PlyCount "56"]
[EventDate "2002.??.??"]

1. e4 c5 2. b3 d6 3. Bb2 Nf6 4. Nc3 e6 5. d4 Qa5 6. Qd2 cxd4 7. Qxd4 Nc6 8. Bb5
Be7 9. Nf3 O-O 10. Bxc6 bxc6 11. O-O e5 12. Qe3 Qb6 13. Rfe1 Ba6 14. Rad1 Rad8
15. Qxb6 axb6 16. Ba3 Rfe8 17. Rd2 b5 18. Bb4 c5 19. Ba5 Rc8 20. a4 b4 21. Nd5
Nxd5 22. Rxd5 Rc6 23. c3 bxc3 24. Bxc3 Rb8 25. Nd2 Bc8 26. Rb1 f5 27. b4 cxb4
28. Rxb4 Rxb4 0-1

[Event "Bad Woerishofen"]
[Site "?"]
[Date "2002.??.??"]
[Round "7"]
[White "Kunin, Vitaly"]
[Black "Schiffer, Steve"]
[Result "1-0"]
[WhiteElo "2424"]
[BlackElo "2173"]
[Annotator "ChessOrg"]
[PlyCount "69"]
[EventDate "2002.??.??"]

1. d4 g6 2. c4 Nf6 3. Nc3 Bg7 4. e4 d6 5. Nf3 O-O 6. h3 e5 7. d5 c5 8. Bg5 a6
9. Bd3 h6 10. Be3 Nh5 11. Nd2 Qe8 12. Qa4 f5 13. Qxe8 Rxe8 14. exf5 gxf5 15.
Bxf5 Bxf5 16. g4 e4 17. gxf5 Bxc3 18. bxc3 Nd7 19. Bxh6 Re5 20. Rb1 b6 21. Rg1+
Kh7 22. Be3 Rg8 23. Ke2 Rxg1 24. Rxg1 b5 25. cxb5 axb5 26. Rb1 Ndf6 27. Rxb5
Nxd5 28. Rb7+ Kg8 29. Nc4 Ndf4+ 30. Kd2 Rxf5 31. a4 Ne6 32. a5 d5 33. a6 Rf8
34. a7 dxc4 35. Rb8 1-0

[Event "Bad Woerishofen"]
[Site "?"]
[Date "2002.??.??"]
[Round "7"]
[White "Marin, Mihail"]
[Black "Szenetra, Werner"]
[Result "1-0"]
[WhiteElo "2551"]
[BlackElo "2202"]
[Annotator "ChessOrg"]
[PlyCount "81"]
[EventDate "2002.??.??"]

1. c4 d6 2. Nc3 g6 3. d4 Bg7 4. Nf3 Bg4 5. e3 Nf6 6. Be2 O-O 7. O-O c6 8. h3
Bf5 9. Nd2 e5 10. d5 c5 11. a3 h5 12. b4 Na6 13. e4 Bd7 14. Rb1 Nh7 15. Nb5 Qe7
16. Nb3 b6 17. Bd2 f5 18. exf5 Bxf5 19. Rc1 Bd7 20. Bd3 Bf5 21. Bxf5 Rxf5 22.
bxc5 Nxc5 23. Nxc5 bxc5 24. Qa4 Raf8 25. Qxa7 Qh4 26. Be3 Ng5 27. Bxg5 Rxg5 28.
Qd7 Rff5 29. Rc3 Qe4 30. g3 Bf8 31. Nxd6 Bxd6 32. Qxd6 Qd4 33. Rb3 Rf8 34. Qe6+
Kh8 35. Qe7 Rgf5 36. Rb7 R5f7 37. Qxf7 Rxf7 38. Rxf7 e4 39. Rb1 Qe5 40. Rbb7 e3
41. Rf8# 1-0

[Event "Bad Woerishofen"]
[Site "?"]
[Date "2002.??.??"]
[Round "7"]
[White "Heinig, Wolfram"]
[Black "Wittfoth, Kai-Uwe"]
[Result "1-0"]
[WhiteElo "2287"]
[BlackElo "2166"]
[Annotator "ChessOrg"]
[PlyCount "91"]
[EventDate "2002.??.??"]

1. d4 d6 2. Nf3 g6 3. c4 Bg7 4. Nc3 Nf6 5. e4 O-O 6. Be2 e5 7. O-O Nc6 8. d5
Ne7 9. Bd2 Ne8 10. Ne1 f5 11. Nd3 Nf6 12. f3 f4 13. c5 Rf7 14. Rc1 g5 15. Nb5
Ng6 16. cxd6 cxd6 17. Nf2 h5 18. Qc2 Bf8 19. Nc7 Rb8 20. Ne6 Bxe6 21. dxe6 Rg7
22. Qb3 Kh8 23. h3 Ne7 24. Rfd1 Nc6 25. Bc3 Be7 26. Rd2 Qg8 27. Rcd1 Ne8 28.
Bb5 Nc7 29. Rxd6 Nxb5 30. Qxb5 Nd4 31. R6xd4 exd4 32. Bxd4 Qxe6 33. Bxg7+ Kxg7
34. Rd7 Kf8 35. Rxb7 Rxb7 36. Qxb7 Qxa2 37. Qc8+ Kf7 38. Qf5+ Ke8 39. Qb5+ Kf8
40. Nd3 Qb1+ 41. Kh2 a5 42. Qf5+ Ke8 43. Qc8+ Bd8 44. Ne5 Qe1 45. Qd7+ Kf8 46.
Qf7# 1-0

[Event "Bad Woerishofen"]
[Site "?"]
[Date "2002.??.??"]
[Round "7"]
[White "Dittmar, Peter"]
[Black "Naiditsch, Arkadij"]
[Result "1/2-1/2"]
[WhiteElo "2330"]
[BlackElo "2532"]
[Annotator "ChessOrg"]
[PlyCount "43"]
[EventDate "2002.??.??"]

1. Nf3 Nf6 2. c4 e6 3. e3 b6 4. d4 Bb7 5. Bd3 c5 6. O-O Be7 7. Nc3 cxd4 8. exd4
d6 9. d5 e5 10. Ng5 g6 11. f4 Nbd7 12. Nf3 exf4 13. Bxf4 O-O 14. Qd2 Re8 15.
Rae1 Nh5 16. Bh6 Ndf6 17. Ng5 b5 18. Qf2 bxc4 19. Bxc4 Bf8 20. Rxe8 Qxe8 21.
Bxf8 Qxf8 22. Qd4 1/2-1/2

[Event "Bad Woerishofen"]
[Site "?"]
[Date "2002.??.??"]
[Round "7"]
[White "Nevednichy, Vladislav"]
[Black "Skembris, Spyridon"]
[Result "1-0"]
[WhiteElo "2569"]
[BlackElo "2464"]
[Annotator "ChessOrg"]
[PlyCount "97"]
[EventDate "2002.??.??"]

1. e4 e5 2. Nf3 Nc6 3. Bc4 Nf6 4. d3 Be7 5. O-O O-O 6. Bb3 d6 7. c3 Na5 8. Bc2
c5 9. Re1 Re8 10. Nbd2 Bf8 11. Nf1 h6 12. d4 exd4 13. cxd4 Bg4 14. d5 b5 15.
N1d2 g6 16. h3 Bxf3 17. Nxf3 Bg7 18. Rb1 b4 19. b3 Nd7 20. Bf4 Qb6 21. Bd3 Re7
22. Re2 Rae8 23. Qc2 g5 24. Be3 Ne5 25. Nxe5 Bxe5 26. g3 Nb7 27. Kg2 Bd4 28.
Bd2 Nd8 29. f4 f6 30. Rf1 Qb7 31. Bc4 Kg7 32. Qd3 Nf7 33. Qf3 Qd7 34. Bd3 Rg8
35. e5 g4 36. exf6+ Kxf6 37. hxg4 Qxg4 38. Qxg4 Rxg4 39. Rfe1 Rxe2+ 40. Rxe2
Rg8 41. Re6+ Kg7 42. Kf3 Bf6 43. g4 Rd8 44. Ke4 a5 45. Be1 Rd7 46. Kf5 Be7 47.
Bd2 Bh4 48. Bc1 Be1 49. Rxe1 1-0

[Event "Bad Woerishofen"]
[Site "?"]
[Date "2002.??.??"]
[Round "7"]
[White "Maugg, Ludwig"]
[Black "Bischoff, Dieter"]
[Result "1/2-1/2"]
[WhiteElo "2138"]
[BlackElo "2233"]
[Annotator "ChessOrg"]
[PlyCount "23"]
[EventDate "2002.??.??"]

1. e4 c5 2. Nf3 d6 3. d4 cxd4 4. Nxd4 Nf6 5. Nc3 Nc6 6. Bg5 e6 7. Qd2 a6 8.
O-O-O Bd7 9. f4 b5 10. Bxf6 gxf6 11. Nxc6 Bxc6 12. Qe3 1/2-1/2

[Event "Bad Woerishofen"]
[Site "?"]
[Date "2002.??.??"]
[Round "7"]
[White "Mueller, Manfred"]
[Black "Scherer, Helmut"]
[Result "0-1"]
[WhiteElo "2160"]
[BlackElo "2275"]
[Annotator "ChessOrg"]
[PlyCount "40"]
[EventDate "2002.??.??"]

1. e4 e5 2. Nf3 Nc6 3. Bb5 a6 4. Ba4 Nf6 5. O-O Be7 6. d3 b5 7. Bb3 O-O 8. c3
d6 9. Re1 Na5 10. Bc2 c5 11. Nbd2 Re8 12. Nf1 h6 13. Ng3 Bf8 14. d4 cxd4 15.
cxd4 Qc7 16. Qd3 Bg4 17. b3 Nc6 18. Qc3 Bxf3 19. dxe5 dxe5 20. gxf3 Bb4 0-1

[Event "Bad Woerishofen"]
[Site "?"]
[Date "2002.??.??"]
[Round "7"]
[White "Martino-Gross, Peter"]
[Black "Lindenmair, Anton"]
[Result "1-0"]
[WhiteElo "1936"]
[BlackElo "2127"]
[Annotator "ChessOrg"]
[PlyCount "71"]
[EventDate "2002.??.??"]

1. c4 Nf6 2. Nc3 g6 3. Nf3 Bg7 4. g3 O-O 5. Bg2 d6 6. O-O e5 7. d3 Nc6 8. Rb1
Ne8 9. b4 f5 10. Nd5 Nf6 11. Bg5 Ne7 12. Nxf6+ Bxf6 13. Bxf6 Rxf6 14. e3 Bd7
15. c5 Kg7 16. Qc2 Bc6 17. b5 e4 18. bxc6 exf3 19. Bxf3 bxc6 20. cxd6 cxd6 21.
Rb7 Rf7 22. Bxc6 Nxc6 23. Qxc6 Rc8 24. Rxf7+ Kxf7 25. Qd5+ Kf6 26. Qd4+ Kf7 27.
Qxa7+ Rc7 28. Qd4 Rc5 29. Rb1 Qc7 30. e4 fxe4 31. Qxe4 d5 32. Qd4 h5 33. h4 Ra5
34. Kg2 Qa7 35. Rb6 Qe7 36. Qh8 1-0

[Event "Bad Woerishofen"]
[Site "?"]
[Date "2002.??.??"]
[Round "7"]
[White "Vossenkuhl, Joachim"]
[Black "Woerl, Richard"]
[Result "0-1"]
[WhiteElo "2185"]
[BlackElo "2078"]
[Annotator "ChessOrg"]
[PlyCount "64"]
[EventDate "2002.??.??"]

1. Nf3 d5 2. d4 Nf6 3. c4 c6 4. Nc3 e6 5. cxd5 exd5 6. Bg5 Be7 7. Qc2 O-O 8. e3
Ne4 9. Bxe7 Qxe7 10. Bd3 f5 11. O-O Nd7 12. Nd2 Ndf6 13. Rae1 Nxd2 14. Qxd2 Ne4
15. Qc2 Qh4 16. f3 Nd6 17. b4 a6 18. Na4 Be6 19. Nc5 Rae8 20. a4 Bc8 21. b5
axb5 22. axb5 cxb5 23. g3 Qh6 24. e4 b6 25. Nb3 fxe4 26. fxe4 Rxf1+ 27. Kxf1
Bh3+ 28. Kg1 dxe4 29. Bxe4 Nxe4 30. Rxe4 Rf8 31. Re1 Qe3+ 32. Rxe3 Rf1# 0-1

[Event "Bad Woerishofen"]
[Site "?"]
[Date "2002.??.??"]
[Round "7"]
[White "Schellmann, Frank"]
[Black "Specht, Helmut"]
[Result "0-1"]
[WhiteElo "2144"]
[BlackElo "2029"]
[Annotator "ChessOrg"]
[PlyCount "48"]
[EventDate "2002.??.??"]

1. e4 d5 2. exd5 Qxd5 3. Nc3 Qa5 4. d4 c6 5. Bc4 Bf5 6. Nf3 e6 7. Bd2 Qc7 8.
Ne5 Nd7 9. Bf4 Nxe5 10. Bxe5 Qd7 11. Qe2 O-O-O 12. g4 Bg6 13. O-O-O Nf6 14. f3
Nd5 15. Ne4 Bxe4 16. fxe4 Nb6 17. Bb3 h6 18. c4 Qe7 19. Kb1 Nd7 20. Bg3 g5 21.
Rhf1 Bg7 22. d5 c5 23. Qf2 Qf6 24. Qe3 Qxb2# 0-1

[Event "Bad Woerishofen"]
[Site "?"]
[Date "2002.??.??"]
[Round "7"]
[White "Fahnenschmidt, Gerhard"]
[Black "Lang, Stefan"]
[Result "1/2-1/2"]
[WhiteElo "2276"]
[BlackElo "2080"]
[Annotator "ChessOrg"]
[PlyCount "94"]
[EventDate "2002.??.??"]

1. d4 Nf6 2. c4 c5 3. d5 b5 4. f3 b4 5. e4 d6 6. a3 bxa3 7. Rxa3 g6 8. Bd2 Bd7
9. Bd3 Bg7 10. Ne2 O-O 11. O-O Qc8 12. Nbc3 Na6 13. Na2 Nc7 14. b4 cxb4 15.
Nxb4 a5 16. Nc2 a4 17. Nb4 Na6 18. Nxa6 Rxa6 19. Be3 Ra8 20. Qc2 Qc7 21. Rc1
Rfc8 22. c5 dxc5 23. Rc3 Qd8 24. Bxc5 Ne8 25. Bd4 Bxd4+ 26. Nxd4 Qb6 27. Qf2
Rxc3 28. Rxc3 a3 29. Rb3 Qd6 30. Bb1 Qc5 31. Ba2 Qc1+ 32. Qf1 Qd2 33. Qa1 Rc8
34. Rb1 Ba4 35. Bb3 Bxb3 36. Nxb3 Qe3+ 37. Kh1 Rc2 38. Nd4 Rd2 39. Nc6 Nf6 40.
Nxe7+ Kg7 41. d6 Rb2 42. Rg1 Nh5 43. Rd1 Ng3+ 44. hxg3 Qh6+ 45. Kg1 Qe3+ 46.
Kh1 Qh6+ 47. Kg1 Qe3+ 1/2-1/2

[Event "Bad Woerishofen"]
[Site "?"]
[Date "2002.??.??"]
[Round "7"]
[White "Bintakies, Michael"]
[Black "Teich, Udo"]
[Result "1-0"]
[WhiteElo "2188"]
[BlackElo "2096"]
[Annotator "ChessOrg"]
[PlyCount "67"]
[EventDate "2002.??.??"]

1. d4 d5 2. Bf4 Nf6 3. e3 Bf5 4. c4 c6 5. Nc3 e6 6. Qb3 Qb6 7. c5 Qxb3 8. axb3
Nfd7 9. b4 f6 10. Nf3 Bg4 11. Be2 Bxf3 12. Bxf3 b5 13. e4 a6 14. exd5 exd5 15.
O-O Ra7 16. Rfe1+ Kf7 17. Nxd5 cxd5 18. Bxd5+ Kg6 19. Ra3 h6 20. Rg3+ Kh7 21.
Re8 g6 22. Bxb8 Nxb8 23. Rxb8 a5 24. Ra3 a4 25. Bc6 Bg7 26. Rxh8+ Kxh8 27. Bxb5
Rb7 28. c6 Rc7 29. Bxa4 f5 30. Rd3 Ra7 31. b3 Bf6 32. b5 Bd8 33. d5 Re7 34. Re3
1-0

[Event "Bad Woerishofen"]
[Site "?"]
[Date "2002.??.??"]
[Round "7"]
[White "Fries, Elisabeth"]
[Black "Schwabe, Manfred"]
[Result "1-0"]
[WhiteElo "1448"]
[BlackElo "1680"]
[Annotator "ChessOrg"]
[PlyCount "61"]
[EventDate "2002.??.??"]

1. d4 Nf6 2. Nf3 d6 3. Bf4 Nbd7 4. c3 b6 5. Nbd2 Bb7 6. Qc2 e6 7. e3 Be7 8. Be2
Nh5 9. Bg3 Nxg3 10. hxg3 h6 11. O-O-O d5 12. Rh3 Nf6 13. Ne5 c6 14. Rdh1 Rf8
15. f4 Qc7 16. g4 O-O-O 17. g5 hxg5 18. fxg5 Nd7 19. Nxd7 Qxd7 20. Nf3 Bd6 21.
Rh7 g6 22. Nh4 Rg8 23. Bd3 Qe8 24. Qf2 Rd7 25. Qf6 Qe7 26. g4 e5 27. Rf1 Rf8
28. Qxe7 Rxe7 29. Nxg6 Rg8 30. Nxe7+ Bxe7 31. Rfxf7 1-0

[Event "Bad Woerishofen"]
[Site "?"]
[Date "2002.??.??"]
[Round "7"]
[White "Olarasu, Gabriela"]
[Black "von Saldern, Ruediger"]
[Result "1-0"]
[WhiteElo "2293"]
[BlackElo "2127"]
[Annotator "ChessOrg"]
[PlyCount "77"]
[EventDate "2002.??.??"]

1. Nf3 d5 2. c4 c6 3. Qc2 Nf6 4. g3 Nbd7 5. d4 e6 6. Bg2 Bd6 7. O-O h6 8. Nbd2
O-O 9. e4 dxe4 10. Nxe4 Nxe4 11. Qxe4 Nf6 12. Qc2 Re8 13. b3 e5 14. dxe5 Bxe5
15. Nxe5 Rxe5 16. Bb2 Bf5 17. Qd1 Re6 18. Re1 Qe7 19. Rxe6 Qxe6 20. Qd4 Qd7 21.
Qxd7 Nxd7 22. h3 f6 23. g4 Bg6 24. f4 Re8 25. f5 Bf7 26. Kf2 Nb8 27. Rd1 h5 28.
Bf3 hxg4 29. hxg4 b6 30. g5 fxg5 31. Rg1 g6 32. Rxg5 Kh7 33. Rg1 Kg8 34. fxg6
Be6 35. Rh1 Kf8 36. Rh7 Rc8 37. Bg7+ Ke8 38. Bf6 Kf8 39. Re7 1-0

[Event "Bad Woerishofen"]
[Site "?"]
[Date "2002.??.??"]
[Round "7"]
[White "Pitl, Jarno"]
[Black "Graf, Christian"]
[Result "1/2-1/2"]
[WhiteElo "2073"]
[BlackElo "2245"]
[Annotator "ChessOrg"]
[PlyCount "57"]
[EventDate "2002.??.??"]

1. e4 c6 2. d4 d5 3. exd5 cxd5 4. Bd3 Nc6 5. c3 Nf6 6. Bf4 Bg4 7. f3 Bh5 8. Ne2
Bg6 9. Na3 a6 10. Nc2 e6 11. O-O Be7 12. Bg3 Bxd3 13. Qxd3 O-O 14. Ne3 b5 15.
b3 Qb6 16. Bf2 Qb7 17. Rab1 Qd7 18. Rfe1 Rfc8 19. Nc1 b4 20. c4 dxc4 21. Nxc4
Nd5 22. Rb2 Bf6 23. Rd2 Rd8 24. Ne2 g6 25. Ng3 Bg7 26. Ne4 Qa7 27. Red1 a5 28.
Kh1 Qa6 29. Nc5 1/2-1/2

[Event "Bad Woerishofen"]
[Site "?"]
[Date "2002.??.??"]
[Round "7"]
[White "Fischer, Michael"]
[Black "Guggenberger, Guido"]
[Result "1-0"]
[WhiteElo "2079"]
[BlackElo "2177"]
[Annotator "ChessOrg"]
[PlyCount "59"]
[EventDate "2002.??.??"]

1. d4 Nf6 2. Nf3 g6 3. g3 Bg7 4. Bg2 d6 5. O-O O-O 6. c4 c5 7. Nc3 Nc6 8. e4
cxd4 9. Nxd4 Nxd4 10. Qxd4 Be6 11. Qd3 Nd7 12. f4 Rc8 13. Nd5 Nb6 14. f5 Bxd5
15. cxd5 Nc4 16. Rb1 Qb6+ 17. Kh1 Ne5 18. Qe2 Qd4 19. Bg5 Bf6 20. Be3 Qc4 21.
Qxc4 Rxc4 22. Rfc1 a6 23. fxg6 hxg6 24. b3 Rcc8 25. Bh3 Rxc1+ 26. Rxc1 Kg7 27.
Bb6 Rh8 28. Bc8 Nd3 29. Rc7 Nf2+ 30. Bxf2 1-0

[Event "Bad Woerishofen"]
[Site "?"]
[Date "2002.??.??"]
[Round "7"]
[White "Schulz, Gert"]
[Black "Himmel, Hansjoerg"]
[Result "0-1"]
[WhiteElo "2067"]
[BlackElo "2238"]
[Annotator "ChessOrg"]
[PlyCount "48"]
[EventDate "2002.??.??"]

1. d4 Nf6 2. Nf3 e6 3. Bf4 b6 4. e3 Be7 5. h3 c5 6. c3 O-O 7. Nbd2 Bb7 8. Bd3
cxd4 9. exd4 Nc6 10. O-O d6 11. Qe2 Re8 12. Rfe1 Qd7 13. Bh2 Rad8 14. Rad1 Qc8
15. Ne4 Nxe4 16. Qxe4 g6 17. Qf4 e5 18. dxe5 dxe5 19. Nxe5 Nxe5 20. Rxe5 Qc6
21. f3 Bc5+ 22. Kh1 Rxe5 23. Qxe5 Qxf3 24. Qe2 Qxh3 0-1

[Event "Bad Woerishofen"]
[Site "?"]
[Date "2002.??.??"]
[Round "7"]
[White "Pohlers, Juergen"]
[Black "Keller, Manfred"]
[Result "1/2-1/2"]
[WhiteElo "2132"]
[BlackElo "2223"]
[Annotator "ChessOrg"]
[PlyCount "61"]
[EventDate "2002.??.??"]

1. d4 Nf6 2. c4 g6 3. Nc3 d5 4. Bf4 Bg7 5. Nf3 O-O 6. Rc1 c5 7. dxc5 Be6 8. Nd4
Nc6 9. e3 Nxd4 10. exd4 dxc4 11. Be5 Bh6 12. Rc2 Ng4 13. Bg3 Bf5 14. Rd2 Nf6
15. Bxc4 Bxd2+ 16. Qxd2 Ne4 17. Qe3 Nxc3 18. bxc3 Qd7 19. O-O b6 20. Re1 bxc5
21. Qh6 Kh8 22. h3 f6 23. Bb5 Qd8 24. Bc6 Rc8 25. Bb7 cxd4 26. Bxc8 Bxc8 27.
Bc7 Qe8 28. Bd6 Rf7 29. cxd4 Bb7 30. Qc1 Qd7 31. Bc5 1/2-1/2

[Event "Bad Woerishofen"]
[Site "?"]
[Date "2002.??.??"]
[Round "7"]
[White "Boog, Frithjof"]
[Black "Buchner, Rudolf"]
[Result "0-1"]
[WhiteElo "2167"]
[BlackElo "2296"]
[Annotator "ChessOrg"]
[PlyCount "60"]
[EventDate "2002.??.??"]

1. e3 g6 2. f4 Bg7 3. Nf3 d6 4. Be2 Nc6 5. O-O Nf6 6. d3 O-O 7. Nc3 e5 8. fxe5
dxe5 9. e4 h6 10. Qe1 Be6 11. Nh4 Nd4 12. h3 Nxc2 13. Qg3 Nxa1 14. Nf5 Bxf5 15.
exf5 Kh7 16. Ne4 Nxe4 17. dxe4 Nc2 18. Kh2 Nd4 19. Bc4 g5 20. Qg4 Qf6 21. h4
gxh4 22. a3 b5 23. Ba2 Rad8 24. Qh5 Rd6 25. g4 hxg3+ 26. Kxg3 Rc6 27. Be3 Rc2
28. Rh1 Ne2+ 29. Kg4 Nf4 30. Bxf4 exf4 0-1

[Event "Bad Woerishofen"]
[Site "?"]
[Date "2002.??.??"]
[Round "7"]
[White "Sailer, Wolfgang"]
[Black "Wissinger, Peter"]
[Result "0-1"]
[WhiteElo "2167"]
[BlackElo "1996"]
[Annotator "ChessOrg"]
[PlyCount "68"]
[EventDate "2002.??.??"]

1. d4 Nf6 2. c4 g6 3. Nc3 Bg7 4. e4 d6 5. f4 O-O 6. Nf3 c5 7. d5 e6 8. Be2 exd5
9. cxd5 b5 10. e5 dxe5 11. fxe5 Ng4 12. Bf4 Nd7 13. O-O Ngxe5 14. d6 Bb7 15.
Nxb5 Qb6 16. a4 a6 17. a5 Qc6 18. Nc7 Rab8 19. Qd2 Rfd8 20. Rad1 Nxf3+ 21. Bxf3
Qa4 22. Bxb7 Rxb7 23. Qd5 Rb4 24. Bd2 Bd4+ 25. Kh1 Nf6 26. Qf3 Rb3 27. Bc3 Rxd6
28. Qa8+ Kg7 29. Rxf6 Rxc3 30. Rdf1 Re3 31. b3 Qc6 32. Qb8 Re7 33. Na8 Re8 34.
Qb6 Rxa8 0-1

[Event "Bad Woerishofen"]
[Site "?"]
[Date "2002.??.??"]
[Round "7"]
[White "Santl, Anton"]
[Black "Geuss, Paul"]
[Result "0-1"]
[WhiteElo "2229"]
[BlackElo "2068"]
[Annotator "ChessOrg"]
[PlyCount "64"]
[EventDate "2002.??.??"]

1. Nf3 Nf6 2. c4 b6 3. g3 c5 4. Bg2 Bb7 5. O-O g6 6. d4 cxd4 7. Qxd4 Bg7 8. Nc3
d6 9. b3 Nbd7 10. Bb2 Rc8 11. Nd5 Bxd5 12. cxd5 Rc2 13. Ba3 Qa8 14. Rfc1 Rxc1+
15. Rxc1 O-O 16. Rc6 Nb8 17. Ne1 Nxc6 18. dxc6 Qc8 19. Qa4 a6 20. b4 b5 21. Qc2
e6 22. Bb2 Qc7 23. Nd3 Rc8 24. Bd4 Ne8 25. Qb2 Bxd4 26. Qxd4 d5 27. e4 Qxc6 28.
exd5 Qd6 29. Nc5 exd5 30. Bxd5 Rd8 31. Bxf7+ Kxf7 32. Qh8 Nf6 0-1

[Event "Bad Woerishofen"]
[Site "?"]
[Date "2002.??.??"]
[Round "7"]
[White "Hahn, Guenter"]
[Black "Zach, Andreas"]
[Result "1-0"]
[WhiteElo "2152"]
[BlackElo "2277"]
[Annotator "ChessOrg"]
[PlyCount "65"]
[EventDate "2002.??.??"]

1. Nf3 d5 2. g3 c6 3. Bg2 Bf5 4. d3 h6 5. O-O e6 6. Nbd2 Nf6 7. Qe1 a5 8. e4
Bh7 9. Ne5 Be7 10. Kh1 a4 11. f4 a3 12. b3 Qa5 13. Rb1 Qc3 14. b4 Qxc2 15. f5
dxe4 16. Nxf7 Kxf7 17. fxe6+ Ke8 18. dxe4 Qxa2 19. Rb3 Na6 20. e5 Nxb4 21. exf6
gxf6 22. Qe3 Bc2 23. Rxb4 Bxb4 24. Qd4 Qxe6 25. Qxb4 a2 26. Bb2 Rh7 27. Ne4 Ra4
28. Nd6+ Ke7 29. Qxb7+ Qd7 30. Bxf6+ Kxd6 31. Qb8+ Kc5 32. Qe5+ Kb6 33. Qb2+
1-0

[Event "Bad Woerishofen"]
[Site "?"]
[Date "2002.??.??"]
[Round "7"]
[White "Becker, Thomas"]
[Black "Lang, Andreas"]
[Result "1-0"]
[WhiteElo "2181"]
[BlackElo "2041"]
[Annotator "ChessOrg"]
[PlyCount "109"]
[EventDate "2002.??.??"]

1. e4 c5 2. d3 Nc6 3. g3 g6 4. Bg2 Bg7 5. f4 d6 6. Nc3 e6 7. Nf3 Nge7 8. O-O
O-O 9. Be3 Rb8 10. d4 cxd4 11. Nxd4 a6 12. Nb3 b5 13. Qd2 Qc7 14. a3 Rd8 15.
Rfd1 Bb7 16. Qf2 Ba8 17. Rd2 Na5 18. Nxa5 Qxa5 19. Rad1 b4 20. Nb1 Bxb2 21.
axb4 Qxb4 22. Bc5 dxc5 23. Rxd8+ Kg7 24. Rxb8 Qxb8 25. Qxc5 Nc6 26. Nc3 Qb4 27.
Qxb4 Nxb4 28. Na4 Ba3 29. c3 Nc2 30. Rd2 Ne3 31. Ra2 Be7 32. Bf3 Nc4 33. Kf2
Bc6 34. e5 Bb5 35. Be2 f6 36. exf6+ Bxf6 37. Nb2 Nxb2 38. Rxb2 Bxc3 39. Ra2
Bxe2 40. Kxe2 a5 41. Rc2 Bb4 42. Rc7+ Kg8 43. Ra7 h6 44. Kd3 Kf8 45. Ke4 Bc3
46. g4 Kg8 47. Re7 Bb2 48. Rxe6 Kf7 49. Ra6 Bc3 50. h4 Bf6 51. h5 gxh5 52. gxh5
Kg7 53. Ra7+ Kg8 54. Rxa5 Bc3 55. Ra7 1-0

[Event "Bad Woerishofen"]
[Site "?"]
[Date "2002.??.??"]
[Round "7"]
[White "Gerhards, Walter"]
[Black "Fries, Werner"]
[Result "1-0"]
[WhiteElo "2100"]
[BlackElo "1664"]
[Annotator "ChessOrg"]
[PlyCount "53"]
[EventDate "2002.??.??"]

1. e4 c6 2. d4 d5 3. Nc3 dxe4 4. Nxe4 Nd7 5. Bc4 e6 6. Nf3 Ngf6 7. Nxf6+ gxf6
8. a4 Nb6 9. Bd3 Qc7 10. c4 Bd7 11. Bd2 Nc8 12. g3 h5 13. O-O Bh6 14. Bxh6 Rxh6
15. b4 Qd6 16. Re1 Qf8 17. Nh4 Ne7 18. Qf3 Qg7 19. d5 O-O-O 20. b5 cxd5 21.
cxd5 e5 22. d6 Bg4 23. Rec1+ Kb8 24. dxe7 Re8 25. Qd5 Qg8 26. Be4 Rxe7 27. Qd6+
1-0

[Event "Bad Woerishofen"]
[Site "?"]
[Date "2002.??.??"]
[Round "7"]
[White "Gawehns, Klaus"]
[Black "Warns, Heiko"]
[Result "1/2-1/2"]
[WhiteElo "2385"]
[BlackElo "2140"]
[Annotator "ChessOrg"]
[PlyCount "91"]
[EventDate "2002.??.??"]

1. b3 e5 2. Bb2 d6 3. e3 Nf6 4. c4 g6 5. d4 exd4 6. Qxd4 Bg7 7. Nc3 Nc6 8. Qd2
O-O 9. Nf3 Bf5 10. Be2 Ne4 11. Nxe4 Bxe4 12. O-O a5 13. Bxg7 Kxg7 14. Nd4 Qf6
15. Nb5 Rac8 16. Nc3 Bf5 17. Nd5 Qe5 18. Rad1 Rfe8 19. f4 Qe6 20. Bf3 f6 21.
Qc3 Qf7 22. g4 Be6 23. g5 Bxd5 24. cxd5 Nb4 25. a3 Na6 26. Bg4 Ra8 27. Be6 Qe7
28. f5 Rf8 29. Rd4 fxg5 30. Rb4+ Qf6 31. Qxf6+ Rxf6 32. Rxb7 gxf5 33. Bxf5 Raf8
34. e4 R6f7 35. b4 axb4 36. axb4 Rb8 37. Rxb8 Nxb8 38. b5 Nd7 39. Bxd7 Rxd7 40.
Rc1 Kf6 41. Kf2 Ke5 42. Ke3 Rf7 43. b6 cxb6 44. Rc8 Kf6 45. Rb8 Ra7 46. Rf8+
1/2-1/2